| 000 | 00700nam a2200229Ia 4500 | ||
|---|---|---|---|
| 003 | OSt | ||
| 005 | 20220925231235.0 | ||
| 006 | a|||||r|||| 00| 0 | ||
| 007 | ta | ||
| 008 | 220923b |||||||| |||| 00| 0 eng d | ||
| 037 | _cGeneral Book | ||
| 040 |
_aRTL _cRTL _beng |
||
| 041 |
_2eng _aeng |
||
| 082 | _aX425.7929.N5, K5 | ||
| 100 |
_aEscarpenter Claudio _9295039 |
||
| 245 | 0 |
_aEconomics of international ocean transport _b Cuban |
|
| 260 |
_aMadison _bUniversity of Wisconsin Press _c1965 |
||
| 300 |
_axvii189p. _ccm. |
||
| 650 |
_aOceanic Transport Economics _9231766 |
||
| 942 |
_hX425.7929.N5, K5 _cGB _2CC |
||
| 999 |
_c587822 _d587822 |
||